| 000 | 00582cam a22001815a 4500 | ||
|---|---|---|---|
| 001 | E153499 | ||
| 008 | 110802s1954 xxk f 000 0 eng d | ||
| 035 | _a(Sirsi) u153499 | ||
| 041 | 0 | _aeng | |
| 110 | 2 |
_aRoyal Institution of Chartered Surveyors _94900 |
|
| 245 | 0 | 0 | _aScale of professional charges for quantity surveying services |
| 260 |
_aLondon _bRICS _c1954 |
||
| 300 |
_a9p. _c12cm. |
||
| 520 | _aThis scale is also reproduced as Scale no. 34 in the Schedule of Professional Charges dated June 1954. | ||
| 651 | 4 |
_aUnited Kingdom _y |
|
| 690 | _aABOUT RICS | ||
| 942 | _n0 | ||
| 999 |
_c112554 _d112554 |
||